Statistics for Old AFL/VFL team names

Click here to take the quiz!

General Stats

  • This quiz has been taken 10 times
  • The average score is 6 of 14

Answer Stats

HintAnswer% Correct
BloodsSouth Melbourne (Sydney)
100%
BaggersCarlton
89%
PivotoniansGeelong
56%
Same OldsEssendon
44%
SeagullsGeelong/St Kilda
44%
MaybloomsHawthorn
44%
FuchsiasMelbourne
44%
RedlegsMelbourne
44%
ShinbonersNorth Melbourne
44%
MaroonsFitzroy (Brisbane)
33%
WaspsRichmond
33%
ButchersCarlton
22%
GorillasFitzroy (Brisbane)
22%
Blue BirdsNorth Melbourne
22%

Score Distribution

Percentile by Number Answered

Percent of People with Each Score

Your Score History

You have not taken this quiz